000 00576nam a22001817a 4500
005 20251108174726.0
008 250721s2008 xx 000 0 ara d
082 1 4 _aم/327.44056/محا
100 1 _aمحافظة، علي
_eمؤلف
245 1 0 _aفرنسا و الوحدة العربية 1945 - 2000 /
264 1 _aبيروت :
_bمركز دراسات الوحدة العربية،
_c2008.
300 _a471ص
650 1 7 _aالسياسه الخارجيه
650 1 7 _aفرنسا
650 1 7 _aالبلدان العربيه
942 _2ddc
_cREF
999 _c116462
_d116462